Basic design and common types of nuclear reactors; Язык и мировая культура: взгляд молодых исследователей; Ч. 2
| Parent link: | Язык и мировая культура: взгляд молодых исследователей: сборник материалов XIV Всероссийской научно-практической конференции, г. Томск, 26-28 апреля 2014 г./ Национальный исследовательский Томский политехнический университет (ТПУ) ; под ред. Н. А. Качалова.— , 2014 Ч. 2.— 2014.— [С. 79-82] |
|---|---|
| Autor principal: | |
| Altres autors: | |
| Sumari: | Заглавие с титульного экрана |
| Idioma: | anglès |
| Publicat: |
2014
|
| Matèries: | |
| Accés en línia: | http://earchive.tpu.ru/handle/11683/20628 http://www.lib.tpu.ru/fulltext/c/2014/C89/V2/035.pdf |
| Format: | MixedMaterials Electrònic Capítol de llibre |
| KOHA link: | https://koha.lib.tpu.ru/cgi-bin/koha/opac-detail.pl?biblionumber=611808 |
MARC
| LEADER | 00000naa2a2200000 4500 | ||
|---|---|---|---|
| 001 | 611808 | ||
| 005 | 20260417095032.0 | ||
| 035 | |a (RuTPU)RU\TPU\conf\9655 | ||
| 035 | |a RU\TPU\conf\9652 | ||
| 090 | |a 611808 | ||
| 100 | |a 20150421d2014 k y0rusy50 ba | ||
| 101 | 0 | |a eng | |
| 102 | |a RU | ||
| 135 | |a drcn ---uucaa | ||
| 181 | 0 | |a i | |
| 182 | 0 | |a b | |
| 200 | 1 | |a Basic design and common types of nuclear reactors |f A. I. Kudrov, Ye. N. Gorkaltseva | |
| 203 | |a Текст |c электронный | ||
| 300 | |a Заглавие с титульного экрана | ||
| 320 | |a [Библиогр.: с. 82 (3 назв.)] | ||
| 337 | |a Adobe Reader | ||
| 461 | 1 | |0 (RuTPU)RU\TPU\conf\9284 |t Язык и мировая культура: взгляд молодых исследователей |o сборник материалов XIV Всероссийской научно-практической конференции, г. Томск, 26-28 апреля 2014 г. |o в 2 ч. |f Национальный исследовательский Томский политехнический университет (ТПУ) ; под ред. Н. А. Качалова |d 2014 | |
| 463 | 0 | |0 (RuTPU)RU\TPU\conf\9286 |t Ч. 2 |v [С. 79-82] |d 2014 | |
| 610 | 1 | |a труды учёных ТПУ | |
| 610 | 1 | |a электронный ресурс | |
| 700 | 1 | |a Kudrov |b A. I. |c Specialist in the field of nuclear power engineering |c Assistant of the Department of Tomsk Polytechnic University |f 1994- |g Alexander Ivanovich |3 (RuTPU)RU\TPU\pers\42039 |9 21466 | |
| 701 | 1 | |a Gorkaltseva |b E. N. |c linguist |c senior lecturer of Tomsk Polytechnic University |f 1975- |g Elena Nikolaevna |3 (RuTPU)RU\TPU\pers\34589 |9 17951 | |
| 801 | 2 | |a RU |b 63413507 |c 20220930 |g RCR | |
| 850 | |a 63413507 | ||
| 856 | 4 | |u http://earchive.tpu.ru/handle/11683/20628 |z http://earchive.tpu.ru/handle/11683/20628 | |
| 856 | 4 | |u http://www.lib.tpu.ru/fulltext/c/2014/C89/V2/035.pdf |z http://www.lib.tpu.ru/fulltext/c/2014/C89/V2/035.pdf | |
| 942 | |c CF | ||